000 01238nam a22003617a 4500
003 CHAP
005 20220329140114.0
008 971013s1977 r 00010 d
010 _a47021
011 _a47993
035 _a52137
040 _cCHAP
082 _a584.9
_bV3
100 0 0 _aValdés Reyna, Jesús.
_9117366
245 _aGramíneas de Coahuila
_b: lista de especies con nombres y símbolos
260 _aBuenavista, Coah. :
_bUAAAN,
_c1977
300 _app. 884-1018
490 _aMonografía técnico-científica, 3
590 _aBATCH-UPD
_b10
_c20130110
_lUCH01
_h0059
590 _aBATCH-UPD
_b10
_c20130110
_lUCH01
_h1807
590 _aBATCH-UPD
_b10
_c20130409
_lUCH01
_h2048
590 _aBATCH-UPD
_b10
_c20130410
_lUCH01
_h1142
590 _aBATCH-UPD
_b10
_c20130914
_lUCH01
_h1551
590 _aCONVERSION
_b10
_c20130109
_lUCH01
_h1326
650 1 4 _aGramíneas
_xClasificación.
_950264
650 1 4 _aGramíneas
_xCoahuila.
_950266
650 1 4 _aPlantas
_xNombres vulgares.
_988863
830 0 _aMonografía técnico-científica, 3
_977562
901 _aBK
942 _cLIBRO
949 _a584.9 V3
_bBC
_cC
_d33724000525911
_eC
_fc.2
_h43595
_i52137
_si
949 _a584.9 V3
_bBC
_cC
_d33724000527222
_eC
_h43486
_i52137
_mD
_si
999 _c47021
_d47021